Statistiques concernant Top 15 des pays avec les décès de Covid-19 - 19 août

Cliquez ici pour prendre le quiz!

Statistiques générales

  • Ce quiz a été pris 18 fois
  • Le résultat moyen est 13 sur 20

Statistiques - réponses

pays% Correct
Etats-Unis
100%
France
100%
Italie
100%
Russie
94%
Espagne
89%
Royaume-Uni
83%
Brésil
78%
Inde
78%
Mexique
78%
Belgique
67%
Colombie
50%
Chili
44%
Iran
44%
Irlande
44%
Pérou
44%
Afrique du Sud
39%
Pays-Bas
39%
Suède
39%
Bolivie
22%
Panama
22%

Distribution des résultats

Percentile par nombre de réponses

% des personnes avec chaque résultat

Votre développement - résultats

Vous n’avez pas pris ce quiz